Les 15 tatouages les plus demandés - Statistiques

Statistiques générales
  • Ce quiz a été pris 416 fois
  • Le résultat moyen est 6 sur 15
Statistiques - réponses
Rang Indice Réponse % Correct
5 Occupant du nid Un {oiseau}
91%
1 Sans limite Symbole de l'{infini}
88%
4 Sacré nom Le {prénom} d'un être aimé
76%
2 Doit être scanné pour être lu Un {code-barre}
69%
13 Relatif aux astres Un signe {astrologique}
66%
9 Amour ailleurs Le mot {Love}
56%
15 Comptent en lettres Des {chiffres} {romains}
38%
10 Paradis à Paris Une citation en {latin}
32%
6 Vierge en Amazonie Une {forêt} autour du bras
32%
11 Donne le temps / Poche de gilet Une {montre} à {gousset}
29%
3 De la race des chats Un {félin}
29%
14 Caboches / Disparition Des {têtes} de {mort} mexicaines
20%
12 Ra / Séléné Un {soleil} et/ou une {lune}
13%
8 Restes précieux / Grand sommeil Symbole des {reliques} de la {mort}
3%
7 Telle une bacchante Une {moustache} sur le doigt
3%
Aucun quiz correspondant
Distribution des résultats
% des personnes avec chaque résultat
Percentile par nombre de réponses
Votre historique - résultats
Vous n’avez pas pris ce quiz